000 01134nab a2200253 i 4500
003 DO-SdBNP
005 20260218092340.0
007 ta
008 260218s1975 dr qn|p|r||||||0| | spa d
040 _aAGN
_bSpa
_cDO-SdBNP
_erda
041 _aspa
100 1 _aCassá, Roberto,
_d1948-.
_9114835
245 _aAcerca del surgimiento de relaciones capitalistas de producción en la República Dominicana /
_cRoberto Cassá.
300 _apáginas, 15-76.
336 _atexto
_btxt
_2rdacontent
337 _asin mediación
_bn
_2rdamedia
338 _avolumen
_bnc
_2rdacarrier
520 _aVisión global acerca de los procesos que dieron inicio a las relaciones capitalistas de producción, en su instancia económica.
650 _911163
_aCapitalismo
_vPublicaciones periódicas
_zRepública Dominicana
650 _960474
_aRelaciones capitalistas
_vPublicaciones periódicas
_zRepública Dominicana
650 _941630
_aRelaciones de producción
_vPublicaciones periódicas
_zRepública Dominicana
773 _gVolumen 1, Número 1 (octubre-diciembre, 1975), páginas 15-76.
_tRealidad contemporánea
942 _2ddc
_cISSUE
999 _c60354
_d60354